Selected papers from the 3rd international conference on systems, signals and devices, March 2005

Bibliographic Details
Corporate Author: ProQuest (Firm)
Other Authors: Masmoudi, Ahmed.
Format: Electronic eBook
Language:English
Published: Bradford, England : Emerald Group Publishing, c2007.
Series:COMPEL, the international journal for computation and mathematics in electrical and electronic engineering ; 26, no. 1
Subjects:
Online Access:Click to View
LEADER 01316nam a2200313Ia 4500
001 EBC291595
003 MiAaPQ
005 20200520144314.0
006 m o d |
007 cr cn|||||||||
008 000815s2007 enk s 000 0 eng d
020 |z 9781846632464 
035 |a (MiAaPQ)EBC291595 
035 |a (Au-PeEL)EBL291595 
035 |a (CaPaEBR)ebr10172243 
035 |a (OCoLC)437178405 
040 |a MiAaPQ  |c MiAaPQ  |d MiAaPQ 
050 4 |a TK153  |b .S45 2007 
245 0 0 |a Selected papers from the 3rd international conference on systems, signals and devices, March 2005  |h [electronic resource] /  |c guest editor Professor Ahmed Masmoudi. 
260 |a Bradford, England :  |b Emerald Group Publishing,  |c c2007. 
300 |a 216 p. 
490 0 |a COMPEL, the international journal for computation and mathematics in electrical and electronic engineering ;  |v 26, no. 1 
533 |a Electronic reproduction. Ann Arbor, MI : ProQuest, 2015. Available via World Wide Web. Access may be limited to ProQuest affiliated libraries. 
650 0 |a Electronics  |x Mathematics. 
650 0 |a Electrical engineering  |x Mathematics. 
655 4 |a Electronic books. 
700 1 |a Masmoudi, Ahmed. 
710 2 |a ProQuest (Firm) 
856 4 0 |u https://ebookcentral.proquest.com/lib/matrademy/detail.action?docID=291595  |z Click to View